000 00393nam a2200157Ia 4500
008 230917s9999||||xx |||||||||||||| ||und||
040 _e101176
_aMAIN
041 _aEnglish
082 _a005.1 M29F
100 _aMall, Rajib
245 0 _aFundamentals of software engineering
250 _a3rd ed.
260 _aNew Delhi
_bPrentice-Hall of India
_c2003
300 _a336 p.
942 _cBK
999 _c121736
_d121736